| 000 | 01940nam a22003255i 4500 | ||
|---|---|---|---|
| 001 | 22081822 | ||
| 005 | 20260606143422.0 | ||
| 008 | 210616s2021 cau 000 0 eng | ||
| 010 | _a 2021941155 | ||
| 020 |
_a9789391138745 _q(paperback) |
||
| 020 |
_z9789391138752 _q(epub) |
||
| 020 |
_z9789391138769 _q(ebook) |
||
| 035 | _a22081822 | ||
| 040 |
_aDLC _beng _erda _cDLC |
||
| 042 | _apcc | ||
| 082 | _a658.4063 | ||
| 110 | 2 |
_aSAGE Publications India Pvt. Ltd (Thousand Oaks, California), _eauthor. |
|
| 245 | 1 | 0 |
_aIdeate, brainstorm, create : _bsharpen your creative edge / _cSAGE Publications India Pvt. Ltd. |
| 263 | _a2107 | ||
| 264 | 1 |
_aThousand Oaks : _bSAGE Publishing, _c2021. |
|
| 336 |
_atext _btxt _2rdacontent |
||
| 337 |
_aunmediated _bn _2rdamedia |
||
| 338 |
_avolume _bnc _2rdacarrier |
||
| 490 | 0 | _aSage back to basics | |
| 520 |
_a"Creativity is the heart of innovation and the soft skill that makes us better and smarter than our fellow nemesis-Artificial Intelligence. The book is the retelling of ideation, brainstorming, creativity tips and best practices which if used judiciously can work wonders for business professionals. Ideate, Brainstorm, Create is for all practitioners who are looking to grow their talent and skills to be remarkable in their daily jobs. SAGE Back to Basics is a distilled compilation of proven and timeless ideas and best practices for new-age and experienced leaders alike. The hand-picked collection of books-on management, leadership, entrepreneurship, branding and CSR-offer advice from management experts whose knowledge and research has impacted and shaped business and management education"-- _cProvided by publisher. |
||
| 856 |
_uhttps://sk.sagepub.com/books/ideate-brainstorm-create _qhttps://sk.sagepub.com/books/ideate-brainstorm-create _yRead SAGE E-Book |
||
| 906 |
_a0 _bibc _corignew _d2 _eepcn _f20 _gy-gencatlg |
||
| 942 |
_2ddc _cEBOOK |
||
| 999 |
_c44749 _d44749 |
||